Local Authorities (Calculation of Council Tax Base)(Amendment)(England) No 2 Regulations 2003 (Record no. 103303)
[ view plain ]
| 000 -LEADER | |
|---|---|
| fixed length control field | 01180cad a22002175a 4500 |
| 001 - CONTROL NUMBER | |
| control field | L124871 |
| 008 - FIXED-LENGTH DATA ELEMENTS--GENERAL INFORMATION | |
| fixed length control field | 040120s2003 xxk l f000 0 eng u |
| 020 ## - INTERNATIONAL STANDARD BOOK NUMBER | |
| International Standard Book Number | 0110472891 |
| 035 ## - SYSTEM CONTROL NUMBER | |
| System control number | (Sirsi) u124871 |
| 041 ## - LANGUAGE CODE | |
| Language code of text/sound track or separate title | eng |
| 245 00 - TITLE STATEMENT | |
| Title | Local Authorities (Calculation of Council Tax Base)(Amendment)(England) No 2 Regulations 2003 |
| Medium | [electronic resource] |
| 260 ## - PUBLICATION, DISTRIBUTION, ETC. | |
| Place of publication, distribution, etc. | London |
| Name of publisher, distributor, etc. | HMSO |
| Date of publication, distribution, etc. | 2003 |
| 500 ## - GENERAL NOTE | |
| General note | SI |
| -- | 2003: 3181 |
| 520 ## - SUMMARY, ETC. | |
| Summary, etc. | Came into force 20 December 2003. Amend the Local Authorities (Calculation of Council Tax Base) Regulations 1992 Reg 6 to ensure that the relevant day for the purposes of Reg 5AA is 20 December for the financial year beginning on 1 April 2004 where item TP in s34(4) is determined in the period 21 December 2003 to 31 January 2004. View at www.legislation.hmso.gov.uk/si. |
| 650 ## - SUBJECT ADDED ENTRY--TOPICAL TERM | |
| Topical term or geographic name entry element | LOCAL AUTHORITIES (CALCULATION OF COUNCIL TAX BASE) (AMENDMENT) (ENGLAND) REGULATIONS 2003 |
| 650 ## - SUBJECT ADDED ENTRY--TOPICAL TERM | |
| Topical term or geographic name entry element | LOCAL AUTHORITIES (CALCULATION OF COUNCIL TAX BASE) REGULATIONS 1992 |
| 650 ## - SUBJECT ADDED ENTRY--TOPICAL TERM | |
| Topical term or geographic name entry element | COUNCIL TAX |
| 690 ## - LOCAL SUBJECT ADDED ENTRY--TOPICAL TERM (OCLC, RLIN) | |
| Topical term or geographic name as entry element | TAXATION |
| 856 40 - ELECTRONIC LOCATION AND ACCESS | |
| Uniform Resource Identifier | <a href="https://www.legislation.gov.uk/uksi/2003/3181/contents/made">https://www.legislation.gov.uk/uksi/2003/3181/contents/made</a> |
| Public note | View the Regulations on the HMSO website... |
| 942 ## - ADDED ENTRY ELEMENTS (KOHA) | |
| Suppress in OPAC | 0 |
| Withdrawn status | Lost status | Source of classification or shelving scheme | Damaged status | Not for loan | Home library | Current library | Shelving location | Date acquired | Total Checkouts | Full call number | Barcode | Date last seen | Copy number | Price effective from | Koha item type |
|---|---|---|---|---|---|---|---|---|---|---|---|---|---|---|---|
| Dewey Decimal Classification | Virtual | Virtual | Online | 20/01/2004 | ONLINE PUBLICATION | 124871-2001 | 06/08/2019 | 1 | 06/08/2019 | Book |